Viaje al centro de la tierra : (Registro nro. 3297)
[ vista simple ]
| 000 -LEADER | |
|---|---|
| fixed length control field | 00841nam a2200217Ia 4500 |
| 003 - CONTROL NUMBER IDENTIFIER | |
| control field | OSt |
| 005 - DATE AND TIME OF LATEST TRANSACTION | |
| control field | 20200622200758.0 |
| 008 - FIXED-LENGTH DATA ELEMENTS--GENERAL INFORMATION | |
| fixed length control field | 191128t1977 sp a gr 000 j spa d |
| 020 ## - INTERNATIONAL STANDARD BOOK NUMBER | |
| International Standard Book Number | 8424313135 |
| 040 ## - CATALOGING SOURCE | |
| Original cataloging agency | CO-JMCR |
| Transcribing agency | CO-JMCR |
| 041 ## - LANGUAGE CODE | |
| Language code of text/sound track or separate title | spa |
| 082 04 - DEWEY DECIMAL CLASSIFICATION NUMBER | |
| Classification number | H / |
| Item number | VERv |
| 100 1# - MAIN ENTRY--PERSONAL NAME | |
| Personal name | Verne, Jules, |
| Dates associated with a name | 1828-1905 |
| Relator term | autor |
| 9 (RLIN) | 5945 |
| 245 10 - TITLE STATEMENT | |
| Title | Viaje al centro de la tierra : |
| Statement of responsibility, etc. | Julio Verne |
| 260 ## - PUBLICATION, DISTRIBUTION, ETC. | |
| Place of publication, distribution, etc. | Bilbao : |
| Name of publisher, distributor, etc. | Fher, |
| Date of publication, distribution, etc. | ©1977 |
| 300 ## - PHYSICAL DESCRIPTION | |
| Extent | [32] páginas sin numerar : |
| Other physical details | ilustraciones a color ; |
| Dimensions | 30 cm. |
| 490 0# - SERIES STATEMENT | |
| Series statement | Ediclas J. Verne |
| 520 ## - SUMMARY, ETC. | |
| Summary, etc. | Parte de un antiguo criptograma descubierto en un manuscrito rúnico, escrito por un alquimista inglés del siglo XVI, quien dice haber penetrado por el cráter de un volcán extinguido de Islandia, hasta el centro de la Tierra. |
| 650 04 - SUBJECT ADDED ENTRY--TOPICAL TERM | |
| Topical term or geographic name entry element | Historias de aventuras |
| 9 (RLIN) | 5946 |
| 942 ## - ADDED ENTRY ELEMENTS (KOHA) | |
| Source of classification or shelving scheme | Dewey Decimal Classification |
| Koha item type | Books |
| Withdrawn status | Lost status | Source of classification or shelving scheme | Damaged status | Not for loan | Collection code | Home library | Current library | Date acquired | Source of acquisition | Cost, normal purchase price | Total Checkouts | Total Renewals | Full call number | Barcode | Date last seen | Date last checked out | Copy number | Koha item type |
|---|---|---|---|---|---|---|---|---|---|---|---|---|---|---|---|---|---|---|
| Dewey Decimal Classification | Fiction | Biblioteca Pública José María del Castillo y Rada | Biblioteca Pública José María del Castillo y Rada | 11/28/2019 | Donación | 0.00 | 14 | 4 | H / VERv | 201507035 | 10/15/2025 | 10/15/2025 | Ej.1 | Books |